De profectione Ludovici VII in orientem (Record no. 12643)
[ view plain ]
| 000 -LEADER | |
|---|---|
| fixed length control field | 00567 a2200145 4500 |
| 245 ## - TITLE STATEMENT | |
| Title | De profectione Ludovici VII in orientem |
| Remainder of title | : Journey of Louis VII |
| Medium | |
| 650 ## - SUBJECT ADDED ENTRY--TOPICAL TERM | |
| Topical term or geographic name entry element | literature |
| 260 ## - PUBLICATION, DISTRIBUTION, ETC. | |
| Place of publication, distribution, etc. | nyu |
| Name of publisher, distributor, etc. | Columbia Univ. Press |
| Date of publication, distribution, etc. | 1948 |
| 084 ## - | |
| -- | D162.1 .O3 1948a |
| 300 ## - PHYSICAL DESCRIPTION | |
| Extent | xliv, 154 p. maps, facsim. 23 cm. |
| Other physical details | xliv, 154 p. maps, facsim. 23 cm. |
| Dimensions | xliv, 154 p. maps, facsim. 23 cm. |
| 500 ## - GENERAL NOTE | |
| General note | by Virginia Gingerick Berry [editor] |
| 490 ## - SERIES STATEMENT | |
| Series statement | Records of civilization: sources and studies, no. 42 |
No items available.